European modernity and beyond : the trajectory of European societies, 1945-2000
Αποθηκεύτηκε σε:
| Κύριος συγγραφέας: | |
|---|---|
| Μορφή: | Βιβλίο |
| Γλώσσα: | English |
| Δημοσίευση: |
London :
Sage ,
1996
|
| Θέματα: | |
| Ετικέτες: |
Προσθήκη ετικέτας
Δεν υπάρχουν, Καταχωρήστε ετικέτα πρώτοι!
|
MARC
| LEADER | 00000nam a2200000 i 4500 | ||
|---|---|---|---|
| 001 | 1/69993 | ||
| 008 | 990223s1996 eng d | ||
| 020 | |a 0-8039-8935-0 | ||
| 035 | |l 10047985 | ||
| 040 | |a GR-MY-UA |b gre |e aacr | ||
| 041 | 0 | |a eng | |
| 082 | 0 | |a 306.094 | |
| 100 | 1 | |a Therborn, Goran |d 1941- | |
| 245 | 1 | 0 | |a European modernity and beyond : |b the trajectory of European societies, 1945-2000 / |c Goran Therborn |
| 260 | |a London : |b Sage , |c 1996 | ||
| 300 | |a 403 p. |b maps ; tables ; fig. | ||
| 504 | |a Includes bibliographical references and index | ||
| 651 | 0 | |a Europe |x Social conditions |y 20th century. | |
| 651 | 0 | |a Europe |x Economic conditions |y 1945- | |
| 852 | |a INST |b LESVOS |e 19990223 |h 306.094 THE |p 005100017149 |q 005100017149 |t BK |y 0 | ||
| 909 | |a Λ |b 061341 | ||
| 922 | |a 1ΕΛΗ |b 199811 |c ΚΠΣ/ΤΚ |d ΠΑΠΑΣΩΤΗΡΙΟΥ | ||
| 950 | |a 103-1998-07-27 | ||